Les métiers - Statistiques

Statistiques générales
  • Ce quiz a été pris 837 fois
  • Le résultat moyen est 8 sur 12
Statistiques - réponses
Par images Réponse % Correct
pompier
99%
policier
96%
cuisinier
85%
professeur
82%
agriculteur
79%
musicien
69%
ecrivain
64%
sauveteur
64%
scientifique
49%
soldat
47%
docteur
40%
constructeur
11%
Aucun quiz correspondant
Distribution des résultats
% des personnes avec chaque résultat
Percentile par nombre de réponses
Votre historique - résultats
Vous n’avez pas pris ce quiz